Informe sobre el distrito minero de Tinogasta (Record no. 25674)
[ view plain ]
| 000 -LEADER | |
|---|---|
| fixed length control field | 01013cam a22002291 4500 |
| 001 - CONTROL NUMBER | |
| control field | gs 16000413 |
| 003 - CONTROL NUMBER IDENTIFIER | |
| control field | DLC |
| 005 - DATE AND TIME OF LATEST TRANSACTION | |
| control field | 20260227111319.0 |
| 008 - FIXED-LENGTH DATA ELEMENTS--GENERAL INFORMATION | |
| fixed length control field | 920624s1915 ag ab 000 0 spa c |
| 010 ## - LIBRARY OF CONGRESS CONTROL NUMBER | |
| LC control number | gs 16000413 |
| 035 ## - SYSTEM CONTROL NUMBER | |
| System control number | (OCoLC)26077424 |
| 040 ## - CATALOGING SOURCE | |
| Original cataloging agency | Library, U.S. Geological Survey |
| Transcribing agency | CSt |
| Modifying agency | DLC |
| 042 ## - AUTHENTICATION CODE | |
| Authentication code | premarc |
| 050 00 - LIBRARY OF CONGRESS CALL NUMBER | |
| Classification number | TN37.T5 |
| Item number | B3 |
| 100 1# - MAIN ENTRY--PERSONAL NAME | |
| Personal name | Barnabé, Juan F. |
| 245 00 - TITLE STATEMENT | |
| Title | Informe sobre el distrito minero de Tinogasta |
| Remainder of title | (Provincia de Catamarca) |
| Statement of responsibility, etc. | por el ingeniero Juan F. Barnabé ... |
| 260 ## - PUBLICATION, DISTRIBUTION, ETC. | |
| Place of publication, distribution, etc. | Buenos Aires, |
| Name of publisher, distributor, etc. | Talleres gráficos del Ministerio de agricultura, |
| Date of publication, distribution, etc. | 1915. |
| 300 ## - PHYSICAL DESCRIPTION | |
| Extent | 58 p. |
| Other physical details | illus., fold. maps, diagrs. |
| Dimensions | 27 cm. |
| 490 0# - SERIES STATEMENT | |
| Series statement | Argentine Republic. Ministerio de agricultura. Sección geología, mineralogía y minería. Anales. |
| Volume/sequential designation | tomo X, núm. 4 |
| 500 ## - GENERAL NOTE | |
| General note | At head of title: ... Dirección general de minas, geología e hidrología. Contribución al conocimiento de la industria minera. Informes regionales. |
| 650 #0 - SUBJECT ADDED ENTRY--TOPICAL TERM | |
| Topical term or geographic name entry element | Mines and mineral resources |
| Geographic subdivision | Argentina. |
No items available.